000 01953nam a2200445 c 4500
003 BLK
005 20180422102937.0
008 180408b bul|||||r ||||||| ||bul||
010 _aKNG00072248000
020 _a978-954-8887-82-3
_bиздат.: За буквите - О писменехь
040 _aBLK
041 _aBUL
_cBUL
072 7 _2bullib
_aН32
_xПолитика Н
080 _aПолитическа теория. Политическа идеология. Политология
_b32.01
_x
_z32.01
080 _aОбща теория на държавата. Теория (философия) на властта. Вж и 323.2 ; 342.1 ; 343.2
_b321.01
_x
_z321.01
100 1 _aКарталов, Кирил Пламен
_eпърви автор
_9293681
700 1 _aТодоров, Симеон Георгиев
_eпрев. от итал.
_9370887
139 _aКарталов, Кирил Пламен
_bК 44
245 1 0 _aПарадигми на политическата наука
_cКирил Пламен Карталов; прев. от итал. Симеон Георгиев Тодоров.
257 _aBGR
260 София
_bЗа буквите - О писменехь
_c2010
_fСофия : Авангард
300 _a481 с.
_c23 см
380 _a3
490 1 _aUtilitas Communis
_v1
500 _aБез сведение за ориг. загл. - Библиогр. с. 455-480.
650 4 _aПолитическа наука
_9250352
650 4 _aОбществено-политически учения
_9273450
650 4 _aВласт
_9150918
650 4 _aДържава
_9153992
653 _aполитическа наука
653 _aполитически учения
653 _aвласт
653 _aдържавна власт
659 _aН
852 _aЦб 253011
856 4 _qpdf
_u
856 4 _qpdf
_u
942 _cKNG
_n0
944 _aCR
_c27.09.2011
_kВаля_Йорданова
944 _aED
_c27.09.2011
_k
999 _c67932
_d67932